000 00544nam a2200193Ia 4500
003 IN-BaIIA
008 211028s9999 xx 000 0 eng d
040 _cIIA Library
080 _a53
_bPER-1
100 _aPerelman, Ya.
_913005
245 0 _aPhysics for entertainment
_bvol. 1
_cPerelman Ya.; translated by Arthur Shkarovsky
250 _a2nd ed.
260 _aMoscow
_bMIR Publishers
_c1990
300 _a262p.
500 _aDonated by Mrs. Bappu
650 _aAstronomy and Astrophysics Thesaurus
650 _aPhysics
_973
942 _cBK
999 _c7687
_d7687